A Computer Aided Diagnosis System based on Deep Learning for Cervical Cancer Classification From Colonoscopy images/ (Record no. 617427)

000 -LEADER
fixed length control field 00558nam a22001577a 4500
003 - CONTROL NUMBER IDENTIFIER
control field NUST
038 ## - RECORD CONTENT LICENSOR
Staff Name Nusrat Nadeem
082 ## - DEWEY DECIMAL CLASSIFICATION NUMBER
Classification number 200
100 ## - MAIN ENTRY--PERSONAL NAME
Personal name Gilani, Syed Hamza
245 ## - TITLE STATEMENT
Title A Computer Aided Diagnosis System based on Deep Learning for Cervical Cancer Classification From Colonoscopy images/
Statement of responsibility, etc. Syed Hamza Gilani,
264 ## - PRODUCTION, PUBLICATION, DISTRIBUTION, MANUFACTURE, AND COPYRIGHT NOTICE
Place of production, publication, distribution, manufacture Islamabad:
Name of producer, publisher, distributor, manufacturer SEECS NUST,
Date of production, publication, distribution, manufacture, or copyright notice 2026.
650 ## - SUBJECT ADDED ENTRY--TOPICAL TERM
Topical term or geographic name entry element MS- Computer Science
700 ## - ADDED ENTRY--PERSONAL NAME
Personal name Supervisor: Dr. Sara Baber
856 ## - ELECTRONIC LOCATION AND ACCESS
Uniform Resource Identifier <a href=" http://10.250.8.41:8080/xmlui/handle/123456789/57678"> http://10.250.8.41:8080/xmlui/handle/123456789/57678</a>
942 ## - ADDED ENTRY ELEMENTS (KOHA)
Source of classification or shelving scheme
Koha item type Soft Copy
Holdings
Withdrawn status Permanent Location Current Location Shelving location Date acquired Full call number Barcode Koha item type
  Central Library (CL) Central Library (CL) Thesis 05/13/2026 200 CL-T-7800 Soft Copy
© 2023 Central Library, National University of Sciences and Technology. All Rights Reserved.